000 00239nam a2200097Ia 4500
001 919295
005 20250826185949.0
008 250824s9999 xx 000 0 und d
245 0 _aVAZGEÇTİM
_cKAHRAMAN TAZEOĞLU
260 _bDESTEK YAYINLARI
999 _c919295
_d919295